<?xml version="1.0" encoding="utf-8"?>
<?xml-stylesheet type='text/xsl' href='./oai2.xsl'?>
<OAI-PMH xmlns="http://www.openarchives.org/OAI/2.0/" xmlns:xsi="http://www.w3.org/2001/XMLSchema-instance" xsi:schemaLocation="http://www.openarchives.org/OAI/2.0/ http://www.openarchives.org/OAI/2.0/OAI-PMH.xsd">
  <responseDate>2026-06-06T20:26:30Z</responseDate>
  <request verb="GetRecord" metadataPrefix="marcxml" identifier="record_kuniweb_2508464">https://kulturerbe.niedersachsen.de/oai</request>
  <GetRecord>
    <record>
      <header>
        <identifier>record_kuniweb_2508464</identifier>
        <datestamp>2026-03-31T19:09:18Z</datestamp>
        <setSpec>slg0175</setSpec>
      </header>
      <metadata>
        <marc:record xmlns:marc="http://www.loc.gov/MARC21/slim" xsi:schemaLocation="http://www.loc.gov/MARC21/slim http://www.loc.gov/standards/marcxml/schema/MARC21slim.xsd">
          <marc:leader>12345nkm  22     uu 4500</marc:leader>
          <marc:controlfield tag="001">2508464</marc:controlfield>
          <marc:controlfield tag="003">http://kuniweb.gbv.de</marc:controlfield>
          <marc:controlfield tag="005">2024-05-27T13:44:49</marc:controlfield>
          <marc:controlfield tag="008">|           ||||||||||||||||||||||</marc:controlfield>
          <marc:datafield tag="245" ind1="1" ind2="0">
            <marc:subfield code="a">Thermes à Pompeï</marc:subfield>
          </marc:datafield>
          <marc:datafield tag="720" ind1=" " ind2=" ">
            <marc:subfield code="a">Lorenzo Bianchi</marc:subfield>
          </marc:datafield>
          <marc:datafield tag="720" ind1=" " ind2=" ">
            <marc:subfield code="a">Giacinto Gigante</marc:subfield>
          </marc:datafield>
          <marc:datafield tag="655" ind1=" " ind2="7">
            <marc:subfield code="a">Grafik</marc:subfield>
          </marc:datafield>
          <marc:datafield tag="046" ind1=" " ind2=" ">
            <marc:subfield code="k">1828</marc:subfield>
            <marc:subfield code="k">ca. 1828 - ca. 1834 (Veröffentlichung in einem Sammelwerk mit Darstellungen Neapolitanischer Sehenswürdigkeiten)</marc:subfield>
            <marc:subfield code="l">1834</marc:subfield>
          </marc:datafield>
          <marc:datafield tag="260" ind1=" " ind2=" ">
            <marc:subfield code="g">1828</marc:subfield>
            <marc:subfield code="g">1834</marc:subfield>
            <marc:subfield code="g">ca. 1828 - ca. 1834 (Veröffentlichung in einem Sammelwerk mit Darstellungen Neapolitanischer Sehenswürdigkeiten)</marc:subfield>
          </marc:datafield>
          <marc:datafield tag="300" ind1=" " ind2=" ">
            <marc:subfield code="a">Höhe: 140 mm (Darstellung)
Breite: 187 mm (Darstellung)
Höhe: 210 mm (Blatt)
Breite: 290 mm (Blatt)</marc:subfield>
          </marc:datafield>
          <marc:datafield tag="520" ind1=" " ind2=" ">
            <marc:subfield code="a">Zeichnung von Giacinto Gigante, die eine der öffentlichen Thermen in Pompeji zeigt. Zeichnung zur lithographischen Vervielfältigung und Nutzung im Rahmen der dreibändigen Sammlung "Viaggio pittorico nel Regno delle due Sicilie" (1828-1834) entstanden, die Sehenswürdigkeiten aus Neapel und Sizilien präsentiert. Vorliegende Lithographie aufgrund französischer Bezeichnung unterhalb der Darstellung vermutlich Teil einer Erweiterung oder Anpassung des Sammelwerks an den französischen Markt als "Voyage pittoresque dans le Royaume des Deux-Siciles" (1830-1833) (T. Mahler 04/2024)

Aufdruck:
"G. Gigante dess." u. li. "Thermes à Pompeï." u. mittig "Lith. Cuciniello, et Bianchi." u. re. (unterhalb der Darstellung)

Veröffentlicht in:
Cuciniello, Domenico/ Bianchi, Lorenzo: Voyage pittoresque dans le Royaume des Deux-Siciles, dédié à sa Majesté le Roy François Ier. Naples 1830-1833.

Literatur in Zusammenhang:
Cuciniello, Domenico/ Bianchi, Lorenzo: Viaggio pittorico nel Regno delle due Sicilie dedicato a sua Maestà il re Francesco primo, Napoli 1829-1834.</marc:subfield>
          </marc:datafield>
          <marc:datafield tag="650" ind1="1" ind2=" ">
            <marc:subfield code="a">Grafik, Fotografie &gt; Druckgrafik &gt; Flachdruck &gt; Lithografie</marc:subfield>
          </marc:datafield>
          <marc:datafield tag="650" ind1="1" ind2=" ">
            <marc:subfield code="a">Pompei</marc:subfield>
          </marc:datafield>
          <marc:datafield tag="773" ind1="0" ind2=" ">
            <marc:subfield code="t">Sammlung und Nachlass Hermann Allmers</marc:subfield>
          </marc:datafield>
          <marc:datafield tag="852" ind1=" " ind2=" ">
            <marc:subfield code="a">Archiv des Landkreises Cuxhaven</marc:subfield>
          </marc:datafield>
          <marc:datafield tag="" ind1=" " ind2=" ">
            <marc:subfield code="a">Sammlung und Nachlass Hermann Allmers sind Eigentum der Hermann-Allmers-Gesellschaft e. V. und werden in zwei Teilen an zwei Standorten verwahrt:
Die (museale) Sammlung, bestehend aus Mobiliar und Hausgerät, Tafelgemälden, kleineren und größeren Antiken, Gipsabgüssen, kunsthandwerklichen Objekten aus Keramik und Glas und einer kleinen Bibliothek, befindet sich im Allmers-Haus in Rechtenfleth.
Der literarische, grafische und fotografische "Nachlass Hermann Allmers" hingegen ist im Archiv des Landkreises Cuxhaven in Otterndorf deponiert.</marc:subfield>
          </marc:datafield>
          <marc:datafield tag="" ind1=" " ind2=" ">
            <marc:subfield code="a">Namensnennung - Nicht kommerziell - Keine Bearbeitungen 4.0 International (CC BY-NC-ND 4.0)</marc:subfield>
          </marc:datafield>
        </marc:record>
      </metadata>
    </record>
  </GetRecord>
</OAI-PMH>
